| 000 | 01170nam a2200229Ia 4500 | ||
|---|---|---|---|
| 001 | L235-8189U | ||
| 003 | IT-CnALBA | ||
| 008 | 170116s9999||||xx |||||||||||||| ||und|| | ||
| 040 |
_aIT-CnALBA _cIT-CnALBA |
||
| 041 | _aITALIANO | ||
| 100 | _aBONELLO P. VINCENZO, OP. | ||
| 245 | 0 | _aS. DOMENICO IL SANTO E LA SUA OPERA. LE PREGHIERE. | |
| 250 | _a1a ed. | ||
| 260 |
_a BOLOGNA _bSTUDIO DOMENICANO EDIZIONI _c1989 [1° Ed.:1989 - Ed.Ling.Originale: 1989] |
||
| 300 | _a175 p. | ||
| 500 | _aCURATORI BENETOLLO V. E OMEDÈ A. VITA DI S. DOMENICO. RACCONTO DI UN MEDIOEVALE. LETTERE ALLE MONACHE DI MADRIA. ELOGIO DI S. DOMENICO NELLA DIVINA COMMEDIA. PREGHIERE. LITURGIA DELLE ORE. SANTA MESSA. MUSICHE GREGORIANE. | ||
| 501 | _aSocietà San Paolo EM - Piazza San Paolo, 14 - 12051 ALBA (CN) (non commercial uses only) ® Copyright 2017 | ||
| 520 | _aCURATORI BENETOLLO V. E OMEDÈ A. VITA DI S. DOMENICO. RACCONTO DI UN MEDIOEVALE. LETTERE ALLE MONACHE DI MADRIA. ELOGIO DI S. DOMENICO NELLA DIVINA COMMEDIA. PREGHIERE. LITURGIA DELLE ORE. SANTA MESSA. MUSICHE GREGORIANE. | ||
| 650 | _aMARIA SS. ANGELI SANTI DEMONI | ||
| 942 | _cBK | ||
| 957 | _71 | ||
| 999 |
_a43688 _bNO _g Copie: 1 _c297723 _d297723 |
||